ბათუმის შოთა რუსთაველის სახელმწიფო უნივერსიტეტის ბიბლიოთეკა

ჩვენი ქვეყნის რაინდი (ბიბ.ჩანაწერი № 50373)

000 -LEADER
fixed length control field 00578nam a2200205Ia 4500
001 - CONTROL NUMBER
control field 17314
003 - CONTROL NUMBER IDENTIFIER
control field GE_BSU
008 - FIXED-LENGTH DATA ELEMENTS--GENERAL INFORMATION
fixed length control field 181216s||||||||xx |||||||||||||| ||und||
040 ## - CATALOGING SOURCE
Transcribing agency GE_BSU
080 ## - UNIVERSAL DECIMAL CLASSIFICATION NUMBER
Universal Decimal Classification number 821.353.1-32
100 ## - MAIN ENTRY--PERSONAL NAME
Personal name ნინოშვილი,ეგნატე
245 ## - TITLE STATEMENT
Title ჩვენი ქვეყნის რაინდი
245 ## - TITLE STATEMENT
Remainder of title მოთხრობა
260 ## - PUBLICATION, DISTRIBUTION, ETC.
Place of publication, distribution, etc. თბილისი
260 ## - PUBLICATION, DISTRIBUTION, ETC.
Name of publisher, distributor, etc. სახელგამი
260 ## - PUBLICATION, DISTRIBUTION, ETC.
Date of publication, distribution, etc. 1954
300 ## - PHYSICAL DESCRIPTION
Extent 61 გვ. ; 21 სმ..
653 ## - INDEX TERM--UNCONTROLLED
Uncontrolled term მოთხრობა
942 ## - ADDED ENTRY ELEMENTS (KOHA)
Koha item type წიგნი
ეგზემპლარები
Withdrawn status Lost status Damaged status Not for loan Date acquired Barcode Date last seen Price effective from Koha item type
        2018-12-17 41448 2018-12-17 2018-12-17 წიგნი
        2018-12-17 41449 2018-12-17 2018-12-17 წიგნი
        2018-12-17 41450 2018-12-17 2018-12-17 წიგნი
        2018-12-17 41451 2018-12-17 2018-12-17 წიგნი